000 00751nam a22002297a 4500
003 OSt
005 20150408114216.0
008 140510s2013 paua g b 001 0 eng d
020 _a9781451176155
040 _aMa-Un
082 0 4 _222
_a617.96
_bHAC
245 0 0 _aHandbook of clinical anesthesia /
_cPaul G. Barash... [et al.]
246 3 0 _aClinical anesthesia
250 _a7th ed.
260 _aPhiladelphia :
_bLippincott Williams & Wilkins,
_c2013.
300 _axiv, 1134 p. :
_bill. ;
_c19 cm.
504 _aIncludes bibliographical references and index.
650 _aAnesthesiology
_vHandbooks, manuals, etc
_910743
650 _aAnesthesia
_vHandbooks, manuals, etc
_944612
700 1 _aBarash, Paul G
_eeditor.
_944613
942 _2ddc
_cBOOK
999 _c34867
_d269367